Fuera del cielo /
שמור ב:
| מחבר ראשי: | |
|---|---|
| מחברים אחרים: | , , , , , , , , |
| פורמט: | |
| שפה: | ספרדית |
| נושאים: | |
| תגים: |
אין תגיות, היה/י הראשונ/ה לתייג את הרשומה!
|
MARC
| LEADER | 00000ngm^a2200000^a^4500 | ||
|---|---|---|---|
| 001 | 000294223 | ||
| 005 | 20251020000000.0 | ||
| 009 | 20260310112203.624 | ||
| 037 | |a Acervo ITESO - Biblioteca | ||
| 041 | |a ESP | ||
| 082 | |a 860. |b PAT | ||
| 100 | |a Patrón, Javier |e (realización) | ||
| 245 | 1 | 0 | |a Fuera del cielo / |c Realización de J. Patrón. |
| 264 | 2 | |a México : |b Quality Films [distribución], |c copyright fecha no identificada | |
| 300 | |a 1 DVD regiones 1 y 4 |c (108 min.) + |e 1 lámina | ||
| 336 | |a imagen móvil bidimensional |b tdi |2 rdacontenido | ||
| 337 | |a video |b v |2 rdamedio | ||
| 338 | |a videodisco |b vd |2 rdasoporte | ||
| 585 | |a Festival Internacional de Cine de San Sebastián (52°: 2004): Participante mexicana, sección Cine en Construcción 12 | ||
| 585 | |a Festival Internacional de Cine de San Sebastián (54°: 2006): Participante mexicana, sección paralela Horizontes Latinos | ||
| 586 | |a Premio Ariel, de la Academia Mexicana de Cine (49°: 2007): Mejor Opera Prima (finalista) | ||
| 649 | |a XX | ||
| 650 | |a Películas Policíacas | ||
| 650 | |a Opera Prima | ||
| 650 | |a Cine Mexicano - |y 2000-2009 | ||
| 650 | |a Cine Mexicano - |y Siglo XXI | ||
| 650 | |a Relaciones entre Hermanos | ||
| 650 | |a Corrupción - |z México | ||
| 650 | |a Crimen Organizado - |z México | ||
| 650 | |a Marginación - |z México (Ciudad) | ||
| 650 | |a Problemas Sociales - |z México (Ciudad) | ||
| 650 | |a Cultura Urbana - |z México (Ciudad) | ||
| 650 | |a México (Ciudad) en el Cine | ||
| 700 | |a Leñero, Vicente |e (guión) | ||
| 700 | |a Ríos, Guillermo |e (guión) | ||
| 700 | |a Murguía, Patrick |e (fotógrafo) | ||
| 700 | |a García, Jorge |e (montaje) | ||
| 700 | |a Patrón, Javier |e (montaje) | ||
| 700 | |a Real, Emmanuel del |e (música) | ||
| 700 | |a Bichir, Demián |e (actuación) | ||
| 700 | |a Hernández, Armando |e (actuación) | ||
| 700 | |a Alcázar, Damián |e (actuación) | ||
| 910 | |a Fondo General | ||
| 920 | |a Audiovisuales - DVDs | ||
| 940 | |a Películas | ||
| 905 | |a 302 | ||
| 901 | |a 0500189318 |b IT2 |c DVS |i C119572 |u 20250521 | ||
| 901 | |a 0500240241 |b IT2 |c MIN |u 20251020 | ||
| 902 | |a https://opac.biblio.iteso.mx/vufind/Record/000294223 | ||